[Event "Liptovske Sliace op 14th"]
[Site "Liptovske Sliace"]
[Date "2024.04.28"]
[Round "8"]
[White "Kopecny, Filip"]
[Black "Spik, Peter"]
[Result "1/2-1/2"]
[WhiteElo "1879"]
[BlackElo "1984"]
[PlyCount "135"]
[EventDate "2024.04.26"]
[EventType "swiss"]
[EventRounds "8"]
[EventCountry "SVK"]
[SourceTitle "CB20_2024"]
[SourceDate "2024.05.16"]
[SourceVersion "1"]
[SourceVersionDate "2024.05.16"]
[SourceQuality "1"]

1. Nf3 d5 2. c4 c6 3. cxd5 cxd5 4. d4 Nc6 5. Nc3 Bf5 6. a3 e6 7. Bf4 Rc8 8. e3 Bd6 9. Bxd6 Qxd6 10. Be2 Nf6 11. 0-0 0-0 12. Rc1 a6 13. Na4 Ne4 14. b4 b5 15. Nc5 Ra8 16. Nd2 Nxd2 17. Qxd2 Rfb8 18. h4 h6 19. Ra1 a5 20. Rfc1 Rb6 21. Qb2 e5 22. bxa5 Rxa5 23. a4 b4 24. Nb3 Ra8 25. a5 Rbb8 26. a6 exd4 27. exd4 Rb6 28. Ra2 Qf4 29. g3 Qe4 30. Bf1 Qe7 31. Rc5 Be4 32. Qc1 Qf6 33. Qe3 Ra7 34. f3 Qxf3 35. Qxf3 Bxf3 36. Rac2 Bd1 37. Rxc6 Rxc6 38. Rxc6 Bxb3 39. Rb6 Bc4 40. Bxc4 dxc4 41. Rxb4 Rxa6 42. Rxc4 Ra2 43. d5 Rd2 44. Rc7 Rxd5 45. Kg2 f5 46. Rb7 Kh7 47. Kf3 Kg6 48. Kf4 Ra5 49. Rc7 Ra4+ 50. Kf3 Ra1 51. Rb7 Re1 52. Ra7 Kf6 53. Ra8 Re4 54. Rf8+ Kg6 55. h5+ Kg5 56. Rf7 g6 57. hxg6 Kxg6 58. Ra7 Rb4 59. Rc7 h5 60. Rc8 h4 61. gxh4 Rxh4 62. Kg3 Ra4 63. Rg8+ Kf7 64. Rb8 Kf6 65. Rf8+ Ke6 66. Re8+ Kf7 67. Rb8 Re4 68. Kf3 1/2-1/2

[Event "Portoroz op 14th"]
[Site "Portoroz"]
[Date "2023.07.16"]
[Round "3"]
[White "Spik, Peter"]
[Black "Jalovec, Igor"]
[Result "0-1"]
[WhiteElo "1939"]
[BlackElo "1680"]
[PlyCount "66"]
[EventDate "2023.07.15"]
[EventType "swiss"]
[EventRounds "9"]
[EventCountry "SLO"]
[SourceTitle "CBM 215 Extra"]
[Source "ChessBase"]
[SourceDate "2023.09.30"]
[SourceVersion "1"]
[SourceVersionDate "2023.09.30"]
[SourceQuality "1"]

1. d4 d5 2. Nf3 Nf6 3. c3 e6 4. Bg5 c5 5. Nbd2 Nc6 6. e4 Be7 7. exd5 Nxd5 8. Bxe7 Qxe7 9. dxc5 Qxc5 10. Nb3 Qe7 11. Qd2 0-0 12. Bd3 Rd8 13. 0-0-0 a5 14. Nbd4 a4 15. Nxc6 bxc6 16. c4 a3 17. cxd5 Rxd5 18. b3 Ba6 19. Qc3 Bxd3 20. Rxd3 Rc5 21. Rhd1 Rxc3+ 22. Rxc3 Qf6 23. Rdd3 e5 24. Rd2 e4 25. Nd4 Rc8 26. Kd1 g6 27. Rc4 h5 28. Rdc2 c5 29. Nb5 e3 30. f4 Qa1+ 31. Ke2 Qg1 32. Kf3 Qf1+ 33. Kxe3 Re8+ 0-1

[Event "CZE-ch Amateur"]
[Site "Hluk"]
[Date "2023.05.08"]
[Round "4"]
[White "Travnicek, Jaroslav1111"]
[Black "Spik, Peter"]
[Result "0-1"]
[WhiteElo "1762"]
[BlackElo "1955"]
[PlyCount "82"]
[EventDate "2023.05.06"]
[EventType "swiss"]
[EventRounds "9"]
[EventCountry "CZE"]
[SourceTitle "CBM 214 Extra"]
[Source "ChessBase"]
[SourceDate "2023.07.31"]
[SourceVersion "1"]
[SourceVersionDate "2023.07.31"]
[SourceQuality "1"]

1. e4 e6 2. d4 c5 3. c3 d5 4. Bd3 dxe4 5. Bxe4 Nf6 6. Bf3 Nbd7 7. Ne2 Qb6 8. 0-0 Be7 9. b3 cxd4 10. cxd4 0-0 11. Bb2 Rd8 12. Qc2 Nf8 13. Nd2 Bd7 14. Rac1 Rac8 15. Qb1 Bc6 16. Bxc6 Rxc6 17. Rxc6 Qxc6 18. Rc1 Qa6 19. Ng3 Ng6 20. Qc2 Nd5 21. a3 Ngf4 22. Qc4 b5 23. Qc2 h5 24. Nde4 h4 25. Ne2 b4 26. Nxf4 Nxf4 27. Qc4 Qxc4 28. Rxc4 bxa3 29. Ba1 a5 30. Kf1 Bb4 31. Nc5 e5 32. g3 hxg3 33. hxg3 Ng6 34. Na6 Bf8 35. Ke2 exd4 36. Bxd4 Rd6 37. Nc7 Rd7 38. Nb5 Rb7 39. Nc3 Rxb3 40. Ra4 Bb4 41. Na2 Rb2+ 0-1

[Event "Tatry op"]
[Site "Tatranske Zruby"]
[Date "2020.10.01"]
[Round "9"]
[White "Spik, Peter"]
[Black "Chlpik, Martin"]
[Result "0-1"]
[WhiteElo "1939"]
[BlackElo "2231"]
[PlyCount "118"]
[EventDate "2020.09.26"]
[EventType "swiss"]
[EventRounds "9"]
[EventCountry "SVK"]
[SourceTitle "CBM 198 Extra"]
[Source "ChessBase"]
[SourceDate "2020.11.30"]
[SourceVersion "1"]
[SourceVersionDate "2020.11.30"]
[SourceQuality "1"]

1. d4 Nf6 2. Nf3 c5 3. e3 b6 4. Be2 Bb7 5. 0-0 e6 6. c4 Be7 7. Nc3 0-0 8. b3 a6 9. Bb2 d6 10. Qd2 Nbd7 11. Rfd1 Qc7 12. Ne1 Rfe8 13. Bf3 Rad8 14. Qe2 Bf8 15. Bxb7 Qxb7 16. Qf3 Qb8 17. Ne4 cxd4 18. Bxd4 e5 19. Bb2 b5 20. cxb5 axb5 21. Nxf6+ Nxf6 22. Qf5 Qb7 23. Nf3 g6 24. Qh3 Bg7 25. Rac1 Ne4 26. Nd2 Nc5 27. Nf1 Qa6 28. Rd2 Ne4 29. Rdc2 d5 30. a3 b4 31. axb4 d4 32. Rd1 d3 33. Rc4 Qa2 34. Rxe4 Qxb2 35. Rc4 Qxb3 36. Rcc1 Qxb4 37. Rb1 Qa4 38. Ra1 Qc6 39. Rac1 Qd5 40. f3 f5 41. Qg3 e4 42. f4 Rc8 43. Qe1 Rxc1 44. Rxc1 Rb8 45. Rc7 h5 46. Qc1 Rd8 47. Nd2 Bf6 48. h3 Ra8 49. Rc8+ Rxc8 50. Qxc8+ Kh7 51. g4 Qa2 52. Nc4 Qb1+ 53. Kg2 Qc2+ 54. Kg1 Qd1+ 55. Kh2 Qe2+ 56. Kh1 hxg4 57. hxg4 Qf3+ 58. Kh2 fxg4 59. Kg1 Bh4 0-1

[Event "Tatry op"]
[Site "Tatranske Zruby"]
[Date "2019.09.28"]
[Round "1"]
[White "Lys, Josef"]
[Black "Spik, Peter"]
[Result "1-0"]
[WhiteElo "2177"]
[BlackElo "1956"]
[PlyCount "83"]
[EventDate "2019.09.28"]
[EventType "swiss"]
[EventRounds "9"]
[EventCountry "SVK"]
[SourceTitle "EXT 2020"]
[Source "ChessBase"]
[SourceDate "2019.10.17"]
[SourceVersion "1"]
[SourceVersionDate "2019.10.17"]
[SourceQuality "1"]

1. d4 d5 2. c4 Nf6 3. cxd5 Nxd5 4. e4 Nf6 5. Nc3 e6 6. Nf3 Be7 7. Bc4 0-0 8. 0-0 b6 9. Qe2 Bb7 10. Bg5 h6 11. Bh4 c6 12. Rfd1 Nbd7 13. Rac1 Nh5 14. Bxe7 Qxe7 15. e5 Nf4 16. Qd2 Nd5 17. Ne4 Rad8 18. Nd6 Ba8 19. Bxd5 exd5 20. Re1 Qe6 21. Qd3 Nb8 22. b4 Rd7 23. Nh4 Bb7 24. Qg3 Bc8 25. Re3 Rc7 26. f4 f5 27. Rec3 Bd7 28. Ng6 Rf7 29. Nxf7 Kxf7 30. Nh4 Na6 31. a3 Rc8 32. Qd3 Nc7 33. Nxf5 Nb5 34. Ne3 Nxc3 35. f5 Qe7 36. e6+ Bxe6 37. fxe6+ Qxe6 38. Rxc3 g6 39. h3 h5 40. Nf1 Kg7 41. Qe3 Qf6 42. Nh2 1-0

[Event "SVK-chT1W 1819"]
[Site "Slovakia"]
[Date "2019.03.17"]
[Round "11.7"]
[White "Spik, Peter"]
[Black "Bukovsky, Milan"]
[Result "1/2-1/2"]
[WhiteElo "1952"]
[BlackElo "1873"]
[PlyCount "120"]
[EventDate "2018.10.27"]
[EventType "team-tourn"]
[EventRounds "11"]
[EventCountry "SVK"]
[SourceTitle "CBM 189 Extra"]
[Source "ChessBase"]
[SourceDate "2019.06.03"]
[SourceVersion "1"]
[SourceVersionDate "2019.06.03"]
[SourceQuality "1"]
[WhiteTeam "Sala Slovan Duslo"]
[BlackTeam "Trnava Sered"]
[WhiteTeamCountry "SVK"]
[BlackTeamCountry "SVK"]

1. d4 Nf6 2. Nf3 b6 3. g3 Bb7 4. Bg2 c5 5. dxc5 bxc5 6. 0-0 e6 7. c4 Be7 8. Nc3 Ne4 9. Nxe4 Bxe4 10. Bf4 d5 11. Ne5 Bxg2 12. Qa4+ Kf8 13. Kxg2 f6 14. Nc6 Qd7 15. Bxb8 Rxb8 16. b3 Rb6 17. Nxa7 Qxa4 18. bxa4 Ra6 19. Rfb1 Kf7 20. Rb7 Ra8 21. Nb5 Rxa4 22. cxd5 exd5 23. Nc3 Rb4 24. Rxb4 cxb4 25. Nxd5 b3 26. a4 b2 27. Rb1 Ba3 28. Nb6 Ra6 29. Nc4 Rxa4 30. Nxa3 Rxa3 31. Rxb2 Ra7 32. g4 Kg6 33. Kg3 h5 34. h3 hxg4 35. hxg4 Re7 36. e3 Kf7 37. Rb3 g5 38. f4 gxf4+ 39. exf4 Kg6 40. Rb6 Kg7 41. Kh4 Ra7 42. Kh5 Rc7 43. f5 Ra7 44. Kh4 Kf7 45. Rb4 Rc7 46. g5 fxg5+ 47. Kxg5 Ra7 48. Rh4 Ra6 49. Rh7+ Kg8 50. Rb7 Rc6 51. Re7 Kf8 52. Rd7 Ra6 53. Rb7 Rc6 54. Rh7 Kg8 55. Re7 Kf8 56. Re6 Rxe6 57. fxe6 Ke7 58. Kf5 Ke8 59. Ke4 Ke7 60. Ke5 Ke8 1/2-1/2

[Event "SVK-chT1W 1819"]
[Site "Slovakia"]
[Date "2019.03.16"]
[Round "10.7"]
[White "Sukuba, Zdeno"]
[Black "Spik, Peter"]
[Result "0-1"]
[WhiteElo "2150"]
[BlackElo "1952"]
[PlyCount "102"]
[EventDate "2018.10.27"]
[EventType "team-tourn"]
[EventRounds "11"]
[EventCountry "SVK"]
[SourceTitle "CBM 189 Extra"]
[Source "ChessBase"]
[SourceDate "2019.06.03"]
[SourceVersion "1"]
[SourceVersionDate "2019.06.03"]
[SourceQuality "1"]
[WhiteTeam "Dubnica nad Vahom II"]
[BlackTeam "Sala Slovan Duslo"]
[WhiteTeamCountry "SVK"]
[BlackTeamCountry "SVK"]

1. c4 Nf6 2. Nf3 g6 3. Nc3 Bg7 4. g3 0-0 5. Bg2 d5 6. cxd5 Nxd5 7. 0-0 Nc6 8. Nxd5 Qxd5 9. d3 e5 10. Be3 Qd6 11. Rc1 Re8 12. Nd2 Nd4 13. Nc4 Qe7 14. Qd2 c6 15. b4 Bg4 16. f3 Be6 17. Bf2 Rad8 18. Rfe1 Bd5 19. Ne3 Bh6 20. Qb2 Qe6 21. Ra1 Bg7 22. Nxd5 Rxd5 23. Qd2 Rd7 24. Rad1 Qd6 25. a3 a6 26. Qa2 Qd5 27. Qxd5 Rxd5 28. Rc1 Bh6 29. e3 Nb5 30. a4 Nc7 31. Bf1 Rd7 32. Rb1 Bf8 33. Rb3 b5 34. axb5 cxb5 35. Ra1 Rd6 36. Be1 Rc6 37. Ra2 Rc8 38. Bd2 Nd5 39. Kf2 Rc2 40. Rbb2 Nxb4 41. Rxc2 Rxc2 42. Rxc2 Nxc2 43. Bc3 Bc5 44. Bxe5 Bxe3+ 45. Ke2 b4 46. Kd1 b3 47. d4 Bxd4 48. Bf4 a5 49. Bd3 Nb4 50. Be4 a4 51. Bd6 a3 0-1

[Event "Tatry op"]
[Site "Tatranska Lomnica"]
[Date "2017.10.13"]
[Round "7"]
[White "Privara, Igor"]
[Black "Spik, Peter"]
[Result "1-0"]
[WhiteElo "2178"]
[BlackElo "1984"]
[PlyCount "109"]
[EventDate "2017.10.08"]
[EventType "swiss"]
[EventRounds "9"]
[EventCountry "SVK"]
[SourceTitle "CBM 181 Extra"]
[Source "ChessBase"]
[SourceDate "2017.12.12"]
[SourceVersion "1"]
[SourceVersionDate "2017.12.12"]
[SourceQuality "1"]

1. e4 d6 2. d4 f5 3. Nc3 fxe4 4. Nxe4 Nf6 5. Bd3 Nxe4 6. Bxe4 g6 7. h4 d5 8. Bd3 Bg7 9. h5 Qd6 10. hxg6 hxg6 11. Rxh8+ Bxh8 12. Ne2 Bg4 13. f3 Bf5 14. g4 Bxd3 15. Qxd3 Nd7 16. Bf4 e5 17. Bg3 0-0-0 18. 0-0-0 Qe6 19. dxe5 Nxe5 20. Qe3 Qb6 21. Qxb6 axb6 22. Nd4 Re8 23. Nb5 Rd8 24. Re1 Nc4 25. b3 Bb2+ 26. Kd1 Nd6 27. Nxd6+ cxd6 28. Re6 g5 29. Rxd6 Rf8 30. Ke2 Re8+ 31. Kd2 Rf8 32. Rxd5 Rxf3 33. Rd3 Rf1 34. a4 Rg1 35. c3 Bc1+ 36. Ke2 Ba3 37. b4 Bc1 38. Bf2 Rg2 39. Kf3 Rh2 40. Bxb6 Rh8 41. Rd5 Bf4 42. Ke4 Rf8 43. Kd3 Re8 44. Kc4 Re4+ 45. Kb5 Re8 46. a5 Be5 47. a6 bxa6+ 48. Kxa6 Kb8 49. c4 Bf4 50. c5 Rc8 51. c6 Bc7 52. Rxg5 Bf4 53. Rg7 Bd6 54. Rd7 Bf4 55. g5 1-0

[Event "Banska Stiavnica V4 op"]
[Site "Banska Stiavnica"]
[Date "2017.07.16"]
[Round "9"]
[White "Spik, Peter"]
[Black "Dylag, Emilia"]
[Result "1/2-1/2"]
[WhiteElo "1995"]
[BlackElo "1837"]
[PlyCount "108"]
[EventDate "2017.07.08"]
[EventType "swiss"]
[EventRounds "9"]
[EventCountry "SVK"]
[SourceTitle "CBM 179 Extra"]
[Source "ChessBase"]
[SourceDate "2017.08.23"]
[SourceVersion "1"]
[SourceVersionDate "2017.08.23"]
[SourceQuality "1"]

1. d4 Nf6 2. Nf3 d6 3. Nbd2 Nbd7 4. e4 e5 5. c3 g6 6. Bc4 Bg7 7. 0-0 0-0 8. Re1 c6 9. Bb3 b5 10. Nf1 Qc7 11. Bg5 Bb7 12. Ng3 Rfe8 13. dxe5 dxe5 14. h3 h6 15. Be3 c5 16. Bc2 c4 17. Qd2 Kh7 18. Rad1 Bf8 19. Nh2 Nc5 20. Ng4 Nxg4 21. hxg4 Rad8 22. Qe2 a5 23. f3 Ne6 24. Qf2 Bc5 25. Nf1 Bxe3 26. Nxe3 Nf4 27. Kh2 Rxd1 28. Rxd1 Rd8 29. g3 Rxd1 30. Nxd1 Ne6 31. Qd2 Ng5 32. Kg2 f5 33. gxf5 gxf5 34. Nf2 Qf7 35. Qe3 f4 36. gxf4 Qxf4 37. Qxf4 exf4 38. Nh3 Nxh3 39. Kxh3 Bc8+ 40. Kh4 Kg7 41. Kh5 Be6 42. a4 b4 43. cxb4 axb4 44. a5 Bc8 45. e5 Kf7 46. Bh7 c3 47. bxc3 bxc3 48. a6 Bxa6 49. Kg4 Be2 50. Bc2 Ke6 51. Kxf4 Bxf3 52. Bf5+ Kd5 53. e6 c2 54. Bxc2 Kxe6 1/2-1/2

[Event "Banska Stiavnica V4 op"]
[Site "Banska Stiavnica"]
[Date "2017.07.13"]
[Round "6"]
[White "Antal, Jakub"]
[Black "Spik, Peter"]
[Result "1-0"]
[WhiteElo "1861"]
[BlackElo "1995"]
[PlyCount "67"]
[EventDate "2017.07.08"]
[EventType "swiss"]
[EventRounds "9"]
[EventCountry "SVK"]
[SourceTitle "CBM 179 Extra"]
[Source "ChessBase"]
[SourceDate "2017.08.23"]
[SourceVersion "1"]
[SourceVersionDate "2017.08.23"]
[SourceQuality "1"]

1. c4 Nf6 2. Nc3 Nc6 3. Nf3 d5 4. cxd5 Nxd5 5. g3 e5 6. Bg2 Be6 7. 0-0 Be7 8. d4 exd4 9. Nxd4 Nxd4 10. Qxd4 Bf6 11. Qa4+ c6 12. Nxd5 Bxd5 13. Rd1 b5 14. Qa6 Qc8 15. Qxc8+ Rxc8 16. Bxd5 cxd5 17. Rxd5 a6 18. Rd6 Ra8 19. a4 b4 20. a5 Ke7 21. Rb6 Rhb8 22. Ra4 Rxb6 23. axb6 a5 24. Bf4 Bxb2 25. b7 Rd8 26. b8Q Rxb8 27. Bxb8 Bc3 28. Rxa5 b3 29. Rb5 b2 30. f4 f6 31. Kf2 Kd7 32. Ke3 Kc6 33. Rb3 Kc5 34. Kd3 1-0

[Event "SVK-chT2B 1617"]
[Site "Slovakia"]
[Date "2016.12.03"]
[Round "5.4"]
[White "Spik, Peter"]
[Black "Marko, Anton"]
[Result "1/2-1/2"]
[WhiteElo "1990"]
[BlackElo "2086"]
[PlyCount "84"]
[EventDate "2016.10.08"]
[EventType "team-tourn"]
[EventRounds "11"]
[EventCountry "SVK"]
[SourceTitle "EXT 2018"]
[Source "ChessBase"]
[SourceDate "2017.10.13"]
[SourceVersion "1"]
[SourceVersionDate "2017.10.13"]
[SourceQuality "1"]
[WhiteTeam "Sala Slovan Duslo"]
[BlackTeam "Topolcany"]
[WhiteTeamCountry "SVK"]
[BlackTeamCountry "SVK"]

1. d4 Nf6 2. Nf3 e6 3. Bg5 d5 4. e3 Nbd7 5. Bd3 c5 6. c3 Be7 7. Nbd2 0-0 8. 0-0 h6 9. Bh4 b6 10. Re1 Bb7 11. Rc1 Ne4 12. Bxe7 Qxe7 13. Bb1 Rfd8 14. Qe2 a5 15. Nxe4 dxe4 16. Nd2 Nf6 17. f3 exf3 18. Nxf3 Be4 19. Ne5 Rac8 20. Rf1 Bxb1 21. Rxb1 Qb7 22. Rf4 Kf8 23. Rbf1 Ke7 24. Ng4 Rg8 25. Nxf6 gxf6 26. Rxf6 Rg7 27. Qf2 Rf8 28. Rxh6 Rfg8 29. g3 Qd5 30. Rf6 Rf8 31. Qf4 Qc6 32. e4 cxd4 33. cxd4 Qc4 34. Qe5 Rg4 35. R1f2 Qxa2 36. Qc7+ Ke8 37. Rc2 Rxe4 38. Rf1 f5 39. Qxb6 Qd5 40. Rc8+ Kf7 41. Rc7+ Kf6 42. Rc2 Qxd4+ 1/2-1/2

[Event "SVK-chT2B 1617"]
[Site "Slovakia"]
[Date "2016.10.08"]
[Round "1.2"]
[White "Srvatka, Igor"]
[Black "Spik, Peter"]
[Result "1/2-1/2"]
[WhiteElo "2182"]
[BlackElo "1990"]
[PlyCount "116"]
[EventDate "2016.10.08"]
[EventType "team-tourn"]
[EventRounds "11"]
[EventCountry "SVK"]
[SourceTitle "CBM 175 Extra"]
[Source "ChessBase"]
[SourceDate "2016.12.12"]
[SourceVersion "1"]
[SourceVersionDate "2016.12.12"]
[SourceQuality "1"]
[WhiteTeam "Trencin"]
[BlackTeam "Sala Slovan Duslo"]
[WhiteTeamCountry "SVK"]
[BlackTeamCountry "SVK"]

1. e4 e6 2. d4 c5 3. d5 d6 4. dxe6 Bxe6 5. c4 Nc6 6. Nc3 Nf6 7. Bg5 Be7 8. Nf3 0-0 9. Be2 a6 10. 0-0 h6 11. Bf4 Nh5 12. Be3 Nf6 13. h3 Nd7 14. b3 Bf6 15. Qd2 Nde5 16. Ne1 Ne7 17. Rd1 N5c6 18. Nf3 Qc7 19. Nd5 Bxd5 20. cxd5 Ne5 21. Nh2 N7g6 22. f4 Nd7 23. Ng4 Rfe8 24. Bd3 Bd4 25. Bxd4 cxd4 26. Bb1 h5 27. Nh2 Qc3 28. Qxd4 Rac8 29. Rd3 Qc5 30. Qxc5 Rxc5 31. Rd4 Rec8 32. Rfd1 Rc3 33. e5 dxe5 34. Bxg6 fxg6 35. fxe5 Nxe5 36. Re1 Rd3 37. Rxd3 Nxd3 38. Re7 Rc1+ 39. Nf1 Nf4 40. d6 Rd1 41. Rxb7 Rxd6 42. h4 Ne2+ 43. Kf2 Nc1 44. a4 Rf6+ 45. Ke1 Nd3+ 46. Kd2 Nc5 47. Rb8+ Kf7 48. Ne3 Rf2+ 49. Kc3 Re2 50. Kd4 Ne6+ 51. Ke4 Rb2 52. Rb7+ Ke8 53. Kd5 Nf4+ 54. Kc5 Ne6+ 55. Kd6 Nd4 56. b4 Re2 57. Rb8+ Kf7 58. Rb7+ Kf8 1/2-1/2

[Event "SVK-chT2B 1516"]
[Site "Slovakia"]
[Date "2016.02.14"]
[Round "9.2"]
[White "Spik, Peter"]
[Black "Valovic, Stefan"]
[Result "0-1"]
[WhiteElo "2008"]
[BlackElo "1947"]
[PlyCount "72"]
[EventDate "2015.10.17"]
[EventType "team-tourn"]
[EventRounds "11"]
[EventCountry "SVK"]
[SourceTitle "EXT 2019"]
[Source "ChessBase"]
[SourceDate "2018.10.10"]
[SourceVersion "1"]
[SourceVersionDate "2018.10.10"]
[SourceQuality "1"]
[WhiteTeam "Sala Slovan Duslo"]
[BlackTeam "Tlmace NSK"]
[WhiteTeamCountry "SVK"]
[BlackTeamCountry "SVK"]

1. d4 g6 2. c4 Bg7 3. Nc3 c5 4. e3 Nh6 5. Nf3 0-0 6. h4 d6 7. h5 cxd4 8. exd4 Ng4 9. hxg6 fxg6 10. Bg5 Qa5 11. Qd2 Nc6 12. Be3 Nb4 13. a3 Bf5 14. Rc1 Nc6 15. Bd3 Rac8 16. Nd5 Bxd3 17. Nxe7+ Kh8 18. Qxa5 Nxa5 19. Ng5 h5 20. Rc3 Rc7 21. b4 Rxe7 22. Kd2 Nxc4+ 23. Kxd3 Ncxe3 24. fxe3 Rxe3+ 25. Kc2 Rf2+ 26. Kb3 Rxc3+ 27. Kxc3 Kg8 28. Ne6 Nf6 29. Re1 Bh6 30. Kb3 Rxg2 31. Nd8 b6 32. Re6 Rg3+ 33. Kb2 Rf3 34. Rxd6 h4 35. Nc6 Rf2+ 36. Kc3 h3 0-1

[Event "SVK-chT2B 1516"]
[Site "Slovakia"]
[Date "2015.10.17"]
[Round "1.2"]
[White "Masarik, Drahoslav"]
[Black "Spik, Peter"]
[Result "1-0"]
[WhiteElo "2021"]
[BlackElo "2048"]
[PlyCount "69"]
[EventDate "2015.10.17"]
[EventType "team-tourn"]
[EventRounds "11"]
[EventCountry "SVK"]
[SourceTitle "EXT 2019"]
[Source "ChessBase"]
[SourceDate "2018.10.10"]
[SourceVersion "1"]
[SourceVersionDate "2018.10.10"]
[SourceQuality "1"]
[WhiteTeam "Trencin PK"]
[BlackTeam "Sala Slovan Duslo"]
[WhiteTeamCountry "SVK"]
[BlackTeamCountry "SVK"]

1. Nf3 d5 2. d4 Nf6 3. c4 e6 4. Nc3 Be7 5. Bf4 c6 6. e3 Nbd7 7. Bd3 dxc4 8. Bxc4 Nb6 9. Bb3 Nbd5 10. Be5 Qa5 11. Qd3 Bb4 12. Rc1 Bd7 13. 0-0 Nxc3 14. bxc3 Ba3 15. Rc2 Rd8 16. e4 Bc8 17. Re1 h5 18. Bxf6 gxf6 19. e5 f5 20. Qe3 Be7 21. c4 b6 22. Rec1 Bb7 23. Rd2 Rg8 24. Rcd1 Rg4 25. Qh6 h4 26. h3 Rg6 27. Qf4 b5 28. cxb5 Qxb5 29. d5 Bb4 30. Rd3 Kf8 31. Nxh4 Rg7 32. Bc4 Qa5 33. dxe6 Rxd3 34. Rxd3 Bc3 35. e7+ 1-0

[Event "SVK-chT2B 1314"]
[Site "Slovakia"]
[Date "2014.02.22"]
[Round "8.4"]
[White "Chovan, Milan"]
[Black "Spik, Peter"]
[Result "1-0"]
[WhiteElo "1923"]
[BlackElo "2069"]
[PlyCount "63"]
[EventDate "2013.10.19"]
[EventType "team-tourn"]
[EventRounds "11"]
[EventCountry "SVK"]
[SourceTitle "EXT 2015"]
[Source "ChessBase"]
[SourceDate "2014.11.20"]
[SourceVersion "1"]
[SourceVersionDate "2014.11.20"]
[SourceQuality "1"]
[WhiteTeam "Nitra ASK"]
[BlackTeam "Sala"]
[WhiteTeamCountry "SVK"]
[BlackTeamCountry "SVK"]

1. e4 e6 2. d4 c5 3. d5 d6 4. dxe6 Bxe6 5. Nc3 Nc6 6. g3 a6 7. a4 Nf6 8. Bg2 Be7 9. Nge2 0-0 10. 0-0 Qd7 11. Re1 Rad8 12. Nf4 Bg4 13. f3 Be6 14. Ncd5 Nb4 15. Nxe7+ Qxe7 16. Nd5 Bxd5 17. exd5 Qd7 18. Bg5 Qf5 19. Bxf6 gxf6 20. c3 Nc2 21. Bh3 Qg6 22. Re4 f5 23. Bxf5 Qxf5 24. Qxc2 Qxf3 25. Rf1 Qh5 26. Rh4 Qg6 27. Qd2 Rfe8 28. Rh6 Qe4 29. Qg5+ Kf8 30. Rxf7+ Kxf7 31. Rf6+ Ke7 32. Qg7# 1-0

[Event "SVK-chT2B 1314"]
[Site "Slovakia"]
[Date "2013.10.20"]
[Round "2.7"]
[White "Mejsnar, Miroslav"]
[Black "Spik, Peter"]
[Result "0-1"]
[WhiteElo "1875"]
[BlackElo "2069"]
[PlyCount "42"]
[EventDate "2013.10.19"]
[EventType "team-tourn"]
[EventRounds "11"]
[EventCountry "SVK"]
[SourceTitle "EXT 2015"]
[Source "ChessBase"]
[SourceDate "2014.11.20"]
[SourceVersion "1"]
[SourceVersionDate "2014.11.20"]
[SourceQuality "1"]
[WhiteTeam "Povazska Bystrica III"]
[BlackTeam "Sala"]
[WhiteTeamCountry "SVK"]
[BlackTeamCountry "SVK"]

1. d4 e6 2. c4 c5 3. Nf3 cxd4 4. Nxd4 Nc6 5. e3 Nf6 6. Be2 d5 7. cxd5 exd5 8. 0-0 Bd6 9. Nd2 0-0 10. N2f3 Qe7 11. a3 Bg4 12. Qd3 Ne5 13. Nxe5 Qxe5 14. f4 Bxe2 15. Qxe2 Qe4 16. Nb5 Bc5 17. b4 Bb6 18. Re1 Qxf4 19. Kh1 Qh4 20. Bb2 Ne4 21. Nd4 Ng3+ 0-1

[Event "SVK-chT2B 1213"]
[Site "Slovakia"]
[Date "2013.03.17"]
[Round "11.4"]
[White "Spik, Peter"]
[Black "Langova, Katarina"]
[Result "1-0"]
[WhiteElo "2086"]
[BlackElo "1933"]
[PlyCount "71"]
[EventDate "2012.10.13"]
[EventType "team-tourn"]
[EventRounds "11"]
[EventCountry "SVK"]
[SourceTitle "EXT 2015"]
[Source "ChessBase"]
[SourceDate "2014.11.20"]
[SourceVersion "1"]
[SourceVersionDate "2014.11.20"]
[SourceQuality "1"]
[WhiteTeam "Sala"]
[BlackTeam "Topolcany"]
[WhiteTeamCountry "SVK"]
[BlackTeamCountry "SVK"]

1. d4 d5 2. Nf3 c6 3. Nbd2 Nf6 4. e3 Bg4 5. c4 Nbd7 6. Bd3 e5 7. cxd5 Nxd5 8. dxe5 Nxe5 9. Be2 Nxf3+ 10. Bxf3 Bxf3 11. Qxf3 Nb4 12. 0-0 Be7 13. Ne4 0-0 14. Bd2 Nd3 15. Bc3 f5 16. Ng3 Bf6 17. Qxf5 Bxc3 18. Qe6+ Kh8 19. bxc3 Qa5 20. Qc4 Rad8 21. Rab1 Ne5 22. Qb3 b5 23. Ne4 Qc7 24. Ng5 Ng4 25. g3 Rxf2 26. Rxf2 Nxf2 27. Qc2 Nd3 28. Rf1 Qe7 29. Nf7+ Kg8 30. Nxd8 Qxe3+ 31. Kh1 c5 32. Qg2 h6 33. Qd5+ Kh7 34. Qf3 Qd2 35. Ne6 Qxc3 36. Qe4+ 1-0

[Event "Piestany op"]
[Site "Piestany"]
[Date "2012.11.14"]
[Round "3"]
[White "Secheres, Adrian Simion"]
[Black "Spik, Peter"]
[Result "1-0"]
[WhiteElo "2141"]
[BlackElo "2086"]
[PlyCount "97"]
[EventDate "2012.11.12"]
[EventType "swiss"]
[EventRounds "8"]
[EventCountry "SVK"]
[SourceTitle "EXT 2023"]
[Source "ChessBase"]
[SourceDate "2022.10.05"]
[SourceVersion "1"]
[SourceVersionDate "2022.10.05"]
[SourceQuality "1"]

1. d4 d5 2. c4 e5 3. dxe5 d4 4. Nf3 Nc6 5. a3 Be6 6. Nbd2 a5 7. b3 Bc5 8. g3 Nge7 9. Bg2 Qd7 10. 0-0 Bh3 11. Bxh3 Qxh3 12. Ne4 b6 13. Qd3 Qf5 14. Bf4 h6 15. h4 Qh3 16. Bd2 Rd8 17. Bxa5 Nf5 18. Nxc5 g5 19. Ne4 bxa5 20. Nf6+ Kf8 21. Qe4 Nce7 22. h5 Ng7 23. Nxd4 Nxh5 24. Nxh5 Qxh5 25. Rad1 Rb8 26. Rd3 Qg6 27. Qxg6 Nxg6 28. f4 gxf4 29. gxf4 Rg8 30. Rg3 Ne7 31. Rxg8+ Kxg8 32. Kf2 c5 33. Nb5 Ra8 34. a4 Ra6 35. Rd1 Nf5 36. e4 Ne7 37. Rd7 Kf8 38. Rc7 Nc6 39. Ke3 Rb6 40. Rc8+ Kg7 41. Re8 Nd4 42. Nxd4 cxd4+ 43. Kxd4 Rxb3 44. c5 Rb4+ 45. Kd5 h5 46. c6 Rb1 47. c7 Rd1+ 48. Kc6 Rc1+ 49. Kb7 1-0

[Event "Piestany op"]
[Site "Piestany"]
[Date "2012.11.13"]
[Round "2"]
[White "Spik, Peter"]
[Black "Lajda, Dusan"]
[Result "1-0"]
[WhiteElo "2086"]
[BlackElo "1838"]
[PlyCount "89"]
[EventDate "2012.11.12"]
[EventType "swiss"]
[EventRounds "8"]
[EventCountry "SVK"]
[SourceTitle "EXT 2023"]
[Source "ChessBase"]
[SourceDate "2022.10.05"]
[SourceVersion "1"]
[SourceVersionDate "2022.10.05"]
[SourceQuality "1"]

1. d4 d5 2. c4 e6 3. Nc3 Nf6 4. Bg5 Be7 5. Nf3 c6 6. e3 Nbd7 7. Be2 0-0 8. 0-0 dxc4 9. Bxc4 Nd5 10. Bxe7 Qxe7 11. Rc1 Rd8 12. Qd2 N7f6 13. Bd3 Nxc3 14. Rxc3 Nd5 15. Rc5 h6 16. Rd1 Bd7 17. Ne5 Be8 18. Bb1 Nf6 19. Qc2 g6 20. a3 Nd7 21. Nxd7 Rxd7 22. Ba2 Rad8 23. b4 Kg7 24. Qe4 Rd6 25. h4 f6 26. g4 b6 27. Rcc1 Kf8 28. Bb3 f5 29. gxf5 gxf5 30. Qf4 Qf6 31. Kh2 Bh5 32. Rg1 Ke7 33. Rg3 Bg4 34. Kg2 a5 35. f3 e5 36. Qxe5+ Qxe5 37. dxe5 Rd2+ 38. Kg1 Rb2 39. fxg4 Rxb3 40. gxf5 axb4 41. axb4 Rd2 42. Ra1 c5 43. Rg7+ Kf8 44. f6 Rbd3 45. e6 1-0